Geography Chain Pyramid Game #1 - Statistics

General Stats
  • This quiz has been taken 6,708 times
  • The average score is 11 of 15
Answer Stats
Hint Answer % Correct
5 Country of pyramids Egypt
98%
1 Only one country in the wOrld starts with this letter O
98%
3 Nickname for the Great Bell of the clock in London. Big ___ Ben
97%
4 Longest river in the world Nile
96%
6 Trinidad and ______ Tobago
96%
8 The Sooner State, just north of Texas Oklahoma
82%
7 NBA Magic team city Orlando
71%
14 Two word Oceanian country Solomon Islands
62%
13 Its capital is Sydney New South Wales
61%
2 Seventh longest river in the world, and major in western Siberia Ob
60%
10 Dushanbe is its capital city Tajikistan
58%
12 Canadian province between Alberta and Manitoba Saskatchewan
55%
11 Lower countries Netherlands
54%
9 Temple at ancient Khmer Empire capital in Cambodia Angkor Wat
53%
15 ''Royal'' NBA team from California Sacramento Kings
38%
No matching quizzes found
Score Distribution
Percent of People with Each Score
Percentile by Number Answered
Your Score History
You have not taken this quiz